000 03324nam0a2200517 4500
001 RU\NLR\bibl\307146
005 20260407080132.0
010 _a5-7410-0260-9
_9100
021 _aRU
_b2002-25148
_91259
035 _a(NLR Aleph) 000302294
090 _a3375
_c3375
100 _a20020916d2001 |||y0rusy50 ca
101 0 _arus
102 _aRU
105 _ay |||||||||
200 1 _aПодходы к профилактике наркомании и СПИД в приграничных территориях
_eСб. материалов межрегион. науч.-практ. конф., 24-25 окт. 2001 г.
_f[Ред. совет: С. И. Журавлев и др.]
210 _aОренбург
_cОбл. социал.-психол. служба молодежи
_d2001
215 _a130 с.
_d20
300 _aНа обл. в надзаг.: Деп. по молодеж. политике М-ва образования Рос. Федерации, Ком. Администрации Оренб. обл. по делам молодежи, Гос. учреждение "Обл. социал.-психол. служба молодежи"
320 _aБиблиогр. в конце докл.
606 0 _aНаркомания
_jСъезды, совещания и т.п.
_xПрофилактика
_91735203
_3RU\NLR\auth\66775929
606 0 _aСПИД
_jСъезды, совещания и т.п.
_xПрофилактика
_91684085
_3RU\NLR\auth\661046649
606 0 _aНаркотические средства
_jСъезды, совещания и т.п.
_xНезаконный оборот
_xБорьба с ним
_xМеждународно-правовые вопросы
_92188812
_3RU\NLR\auth\661315870
606 0 _aНаркотические средства
_jСъезды, совещания и т.п.
_xНезаконный оборот
_xБорьба с ним
_yРоссийская Федерация
_92167071
_3RU\NLR\auth\661303822
610 0 _aНаркомании
610 0 _aСПИД
610 0 _aНаркотические средства - Оборот незаконный - Предупреждение
675 _a[616.9
_v3
_zrus
675 _a343.57](082)
_v3
_zrus
686 _a76.29
_2rugasnti
686 _a56.14
_2rubbk
686 _aР11(2)286.18я431
686 _aР194.87я431(2)
686 _aХ916.8я431
686 _aХ628.322.203.0я431
702 1 _4340
_8rus
_7ca
_aЖуравлев
_bС. И.
_cсоциолог
_gСергей Иванович
_3RU\NLR\auth\7729042
_912071
711 1 2 _a"Подходы к профилактике наркомании и СПИД в приграничных территориях", межрегиональная научно-практическая конференция
_f2001
_eОренбург
_3RU\NLR\AUTH\8810040447
_9579994
712 0 1 _4570
_aРоссийская Федерация
_bМинистерство образования
_bДепартамент по молодежной политике
_3RU\NLR\AUTH\8810034662
_9567624
801 0 _aRU
_bRKP
_c20020916
_gPSBO
801 1 _aRU
_bRKP
_c20020916
801 2 _aRU
_bNLR
_c20051010
_grcr
942 _cBOOK
980 _aNB